[Event "Francisco Martinez 8th tt"]
[Site "Santa Clara"]
[Date "2018.08.20"]
[Round "8.1"]
[White "Depestre Sanzchez, Pedro Felix"]
[Black "Otero Acosta, Diasmany"]
[Result "1/2-1/2"]
[WhiteElo "2292"]
[BlackElo "2387"]
[PlyCount "22"]
[EventDate "2018.08.16"]
[EventType "team-tourn"]
[EventRounds "10"]
[EventCountry "CUB"]
[EventCategory "8"]
[SourceTitle "EXT 2021"]
[Source "ChessBase"]
[SourceDate "2020.10.23"]
[SourceVersion "1"]
[SourceVersionDate "2020.10.23"]
[SourceQuality "1"]

1. Nf3 Nf6 2. c4 e6 3. g3 d5 4. cxd5 exd5 5. Bg2 c6 6. d4 Be7 7. 0-0 0-0 8. Nc3 Nbd7 9. Bg5 h6 10. Bxf6 Nxf6 11. e3 Re8 1/2-1/2

[Event "Francisco Martinez 8th tt"]
[Site "Santa Clara"]
[Date "2018.08.16"]
[Round "2.1"]
[White "Depestre Sanzchez, Pedro Felix"]
[Black "Fuentes Dominguez, Felix"]
[Result "1/2-1/2"]
[WhiteElo "2292"]
[BlackElo "2293"]
[PlyCount "86"]
[EventDate "2018.08.16"]
[EventType "team-tourn"]
[EventRounds "10"]
[EventCountry "CUB"]
[EventCategory "8"]
[SourceTitle "EXT 2021"]
[Source "ChessBase"]
[SourceDate "2020.10.23"]
[SourceVersion "1"]
[SourceVersionDate "2020.10.23"]
[SourceQuality "1"]

1. d4 Nf6 2. Nf3 g6 3. c4 c5 4. d5 b5 5. cxb5 a6 6. bxa6 Bxa6 7. Nc3 d6 8. e4 Bxf1 9. Kxf1 Nbd7 10. g3 Bg7 11. Kg2 0-0 12. a4 Ng4 13. Qc2 Nge5 14. Nxe5 Nxe5 15. Nb5 f5 16. f4 Nd7 17. Ra3 fxe4 18. Qxe4 Rf5 19. Re1 Rf7 20. b3 Qb6 21. Ra2 Qb7 22. Rd2 Rc8 23. Red1 c4 24. bxc4 Nb6 25. Rc2 Nxa4 26. Be3 Rff8 27. Ra2 Ra8 28. Bd4 Nc5 29. Qe2 Rxa2 30. Qxa2 Bxd4 31. Nxd4 e5 32. fxe5 dxe5 33. Nc6 e4 34. Rb1 Qf7 35. Qe2 Nd3 36. Rf1 Qf3+ 37. Qxf3 exf3+ 38. Kg1 f2+ 39. Kg2 Ne1+ 40. Kh3 Nc2 41. d6 Ne3 42. Rxf2 Rxf2 43. d7 Rd2 1/2-1/2

[Event "Guillermo Garcia Memorial op 27th"]
[Site "Santa Clara"]
[Date "2018.05.29"]
[Round "7"]
[White "Depestre Sanzchez, Pedro Felix"]
[Black "Borges Barroso, Yohan"]
[Result "1/2-1/2"]
[WhiteElo "2264"]
[BlackElo "2154"]
[PlyCount "110"]
[EventDate "2018.05.22"]
[EventType "swiss"]
[EventRounds "9"]
[EventCountry "CUB"]
[SourceTitle "CBM 184 Extra"]
[Source "ChessBase"]
[SourceDate "2018.06.28"]
[SourceVersion "1"]
[SourceVersionDate "2018.06.28"]
[SourceQuality "1"]

1. d4 Nf6 2. Nf3 g6 3. b3 Bg7 4. Bb2 d5 5. e3 0-0 6. c4 c5 7. dxc5 Qa5+ 8. Nbd2 Rd8 9. a3 Qxc5 10. b4 Qd6 11. Be2 dxc4 12. Bxc4 Nc6 13. Qb3 e6 14. 0-0 b6 15. Bc3 Qf8 16. h3 Bb7 17. Rfd1 Nd5 18. Bxg7 Qxg7 19. Rac1 Rac8 20. Bf1 Nce7 21. Nc4 Nf6 22. Nfe5 Nfd5 23. b5 f5 24. a4 g5 25. Be2 Nf6 26. Rxd8+ Rxd8 27. Rd1 Bd5 28. Bf3 Rc8 29. Bxd5 Nfxd5 30. Qa3 Rc5 31. Qb3 Ng6 32. Nd3 Rc7 33. Nb4 Qc3 34. Qxc3 Nxc3 35. Rd8+ Kg7 36. Nd6 Kh6 37. Re8 Re7 38. Rxe7 Nxe7 39. Nc6 Ned5 40. Nxa7 Nxa4 41. Kf1 Nac3 42. Ke1 Kg6 43. Kd2 e5 44. Nac8 h5 45. Nxb6 Nxb5 46. Nxb5 Nxb6 47. Nd6 Kf6 48. e4 fxe4 49. Ke3 Nd5+ 50. Kxe4 Nf4 51. Kf3 Nd3 52. g3 Kg6 53. Ke3 Nc5 54. Nc4 Kf5 55. f3 h4 1/2-1/2

[Event "Guillermo Garcia Memorial op 27th"]
[Site "Santa Clara"]
[Date "2018.05.25"]
[Round "4"]
[White "Flores Quillas, Diego Saul Rodrigo"]
[Black "Depestre Sanzchez, Pedro Felix"]
[Result "0-1"]
[WhiteElo "2097"]
[BlackElo "2264"]
[PlyCount "72"]
[EventDate "2018.05.22"]
[EventType "swiss"]
[EventRounds "9"]
[EventCountry "CUB"]
[SourceTitle "CBM 184 Extra"]
[Source "ChessBase"]
[SourceDate "2018.06.28"]
[SourceVersion "1"]
[SourceVersionDate "2018.06.28"]
[SourceQuality "1"]

1. e4 c6 2. d4 d5 3. Nc3 dxe4 4. Nxe4 Bf5 5. Ng3 Bg6 6. h4 h6 7. Nf3 e6 8. Bd3 Bxd3 9. Qxd3 Nf6 10. Bd2 Be7 11. 0-0-0 0-0 12. Ne4 Nxe4 13. Qxe4 Qd5 14. Qe2 Qxa2 15. Bc3 Qa6 16. Qxa6 Nxa6 17. g4 Rad8 18. g5 h5 19. Ne5 Bd6 20. Ba5 Bxe5 21. Bxd8 Bf4+ 22. Kb1 Rxd8 23. c3 Kf8 24. Kc2 Nc7 25. Rh3 Rd5 26. c4 Rf5 27. Kd3 Bd6 28. Ke3 e5 29. Rf3 exd4+ 30. Rxd4 Rxf3+ 31. Kxf3 Ke7 32. Rd1 Ne6 33. Ke4 g6 34. Ra1 a6 35. Rd1 Ng7 36. Rc1 Bc5 0-1

[Event "Villa Clara Province-ch final"]
[Site "Santa Clara"]
[Date "2010.10.22"]
[Round "11"]
[White "Garcia Matos, Richard Alejandro"]
[Black "Depestre Sanzchez, Pedro Felix"]
[Result "1-0"]
[WhiteElo "2219"]
[BlackElo "2211"]
[PlyCount "131"]
[EventDate "2010.10.06"]
[EventType "tourn"]
[EventRounds "11"]
[EventCountry "CUB"]
[EventCategory "2"]
[SourceTitle "EXT 2019"]
[Source "ChessBase"]
[SourceDate "2018.10.10"]
[SourceVersion "1"]
[SourceVersionDate "2018.10.10"]
[SourceQuality "1"]

1. Nf3 Nf6 2. c4 g6 3. d4 Bg7 4. Nc3 d5 5. cxd5 Nxd5 6. e4 Nxc3 7. bxc3 c5 8. Be3 Qa5 9. Qd2 0-0 10. Rc1 Rd8 11. d5 Bg4 12. Be2 Nc6 13. 0-0 e6 14. Rfd1 exd5 15. exd5 Ne7 16. c4 Qxd2 17. Rxd2 Nf5 18. Bf4 Bxf3 19. Bxf3 Bf8 20. Be4 Nd4 21. Be3 Bg7 22. Rb1 Rd7 23. Bc2 Be5 24. Ba4 Rc7 25. Kf1 Nf5 26. Re2 Nxe3+ 27. Rxe3 Bd6 28. Rbe1 Rcc8 29. g3 Bf8 30. f4 Rd8 31. Rb3 Rab8 32. Reb1 b6 33. Bc6 Rbc8 34. Ra3 Rc7 35. Re1 Bg7 36. Kg2 Bd4 37. Kf3 Kf8 38. g4 Rb8 39. h4 h6 40. Rb3 Re7 41. Rbb1 Rc8 42. g5 hxg5 43. hxg5 Bc3 44. Rh1 Bd4 45. Rbe1 Bc3 46. Rc1 Bd4 47. Rhe1 Rd8 48. Kg4 Bf2 49. Rxe7 Kxe7 50. Rf1 Bd4 51. Re1+ Kd6 52. Be8 b5 53. Bxb5 Rh8 54. Be8 Rf8 55. Bc6 Rb8 56. Be8 Rb7 57. Bxf7 Rxf7 58. Re6+ Kd7 59. Rxg6 Re7 60. Ra6 Ke8 61. f5 Kf7 62. f6 Re4+ 63. Kh5 Kg8 64. Re6 Rf4 65. Kg6 Kf8 66. d6 1-0

[Event "Villa Clara Province-ch final"]
[Site "Santa Clara"]
[Date "2010.10.12"]
[Round "5"]
[White "Depestre Sanzchez, Pedro Felix"]
[Black "Garcia Gomez, Ray"]
[Result "1/2-1/2"]
[WhiteElo "2211"]
[BlackElo "2334"]
[PlyCount "50"]
[EventDate "2010.10.06"]
[EventType "tourn"]
[EventRounds "11"]
[EventCountry "CUB"]
[EventCategory "2"]
[SourceTitle "EXT 2019"]
[Source "ChessBase"]
[SourceDate "2018.10.10"]
[SourceVersion "1"]
[SourceVersionDate "2018.10.10"]
[SourceQuality "1"]

1. d4 d5 2. c4 c6 3. Nc3 Nf6 4. cxd5 cxd5 5. Bf4 a6 6. e3 Nc6 7. Bd3 e6 8. Rc1 Bd6 9. Bxd6 Qxd6 10. f4 Bd7 11. Nf3 Ng4 12. Qd2 f5 13. 0-0 0-0 14. Ne5 Ncxe5 15. fxe5 Qb6 16. h3 Nh6 17. Ne2 Rfc8 18. b4 Rxc1 19. Rxc1 Rc8 20. Rxc8+ Bxc8 21. b5 a5 22. Qc3 Bd7 23. a4 Qd8 24. Nf4 b6 25. Kh2 Qc8 1/2-1/2

[Event "Villa Clara Province-ch sf"]
[Site "Santa Clara"]
[Date "2010.09.22"]
[Round "6"]
[White "Ramos Galindo, Luis Ernesto"]
[Black "Depestre Sanzchez, Pedro Felix"]
[Result "0-1"]
[WhiteElo "2180"]
[BlackElo "2211"]
[PlyCount "48"]
[EventDate "2010.09.16"]
[EventType "swiss"]
[EventRounds "9"]
[EventCountry "CUB"]
[SourceTitle "EXT 2019"]
[Source "ChessBase"]
[SourceDate "2018.10.10"]
[SourceVersion "1"]
[SourceVersionDate "2018.10.10"]
[SourceQuality "1"]

1. e4 c6 2. Nf3 d5 3. Nc3 Bg4 4. h3 Bxf3 5. Qxf3 e6 6. exd5 cxd5 7. b3 Nf6 8. Bb2 Be7 9. Bb5+ Nbd7 10. 0-0 0-0 11. Rfe1 Rc8 12. Rac1 a6 13. Bf1 Bd6 14. a4 Ne5 15. Qe2 Nc6 16. Nd1 Ne4 17. g3 Nb4 18. d3 Qb6 19. Bg2 Rc7 20. a5 Qxa5 21. Bd4 Nxc2 22. Bc3 Rxc3 23. Nxc3 Nxe1 24. Qxe1 Bb4 0-1

[Event "Santa Clara Provincial-ch Etapa 2 final"]
[Site "Santa Clara"]
[Date "2009.11.10"]
[Round "7"]
[White "Depestre Sanzchez, Pedro Felix"]
[Black "Quesada Perez, Yasser"]
[Result "0-1"]
[WhiteElo "2157"]
[BlackElo "2423"]
[PlyCount "64"]
[EventDate "2009.11.04"]
[EventType "tourn"]
[EventRounds "11"]
[EventCountry "CUB"]
[SourceTitle "CBM 133 Extra"]
[Source "ChessBase"]
[SourceDate "2010.01.05"]
[SourceVersion "1"]
[SourceVersionDate "2010.01.05"]
[SourceQuality "1"]

1. d4 d5 2. c4 c6 3. Nc3 Nf6 4. Nf3 dxc4 5. a4 Bg4 6. e3 e6 7. Bxc4 Nbd7 8. 0-0 Bb4 9. Qe2 0-0 10. Rd1 Qe7 11. h3 Bh5 12. e4 e5 13. d5 Nb6 14. dxc6 Nxc4 15. Qxc4 Rac8 16. Na2 Bd6 17. Bg5 Rxc6 18. Qd3 h6 19. Bh4 g5 20. Bg3 Bg6 21. Nc3 Bc7 22. Qe2 Rxc3 23. bxc3 Nxe4 24. Qc4 Nxg3 25. fxg3 e4 26. Nd4 Bxg3 27. Qd5 e3 28. Qf3 Bf2+ 29. Kh1 Be4 30. Qh5 Kg7 31. Ra2 Qe5 32. Qe2 Bxg2+ 0-1

[Event "Santa Clara Provincial-ch Etapa 2 final"]
[Site "Santa Clara"]
[Date "2009.11.06"]
[Round "3"]
[White "Gonzalez Perez, Arian"]
[Black "Depestre Sanzchez, Pedro Felix"]
[Result "1/2-1/2"]
[WhiteElo "2400"]
[BlackElo "2157"]
[PlyCount "58"]
[EventDate "2009.11.04"]
[EventType "tourn"]
[EventRounds "11"]
[EventCountry "CUB"]
[SourceTitle "CBM 133 Extra"]
[Source "ChessBase"]
[SourceDate "2010.01.05"]
[SourceVersion "1"]
[SourceVersionDate "2010.01.05"]
[SourceQuality "1"]

1. e4 e6 2. d4 d5 3. Nc3 Bb4 4. e5 b6 5. Qg4 Bf8 6. Nf3 Qd7 7. Bd3 Ba6 8. 0-0 Ne7 9. Ne2 Nf5 10. Ng3 Bxd3 11. cxd3 Nc6 12. Nxf5 exf5 13. Qh3 Be7 14. Qg3 Rg8 15. Bg5 0-0-0 16. Bxe7 Qxe7 17. Qf4 g6 18. Qh6 Kb7 19. Rfc1 Rc8 20. Rc3 Nd8 21. Ng5 Ne6 22. Nxe6 fxe6 23. h4 c6 24. Rac1 Rc7 25. a3 Qf8 26. Qd2 Qe7 27. Qh6 Qf8 28. Qd2 Qe7 29. Qh6 Qf8 1/2-1/2

[Event "Santa Clara Provincial-ch Etapa 2 final"]
[Site "Santa Clara"]
[Date "2009.11.05"]
[Round "2"]
[White "Depestre Sanzchez, Pedro Felix"]
[Black "Ramos Galindo, Luis Ernesto"]
[Result "1-0"]
[WhiteElo "2157"]
[BlackElo "2078"]
[PlyCount "85"]
[EventDate "2009.11.04"]
[EventType "tourn"]
[EventRounds "11"]
[EventCountry "CUB"]
[SourceTitle "CBM 133 Extra"]
[Source "ChessBase"]
[SourceDate "2010.01.05"]
[SourceVersion "1"]
[SourceVersionDate "2010.01.05"]
[SourceQuality "1"]

1. d4 Nf6 2. c4 g6 3. Nc3 Bg7 4. e4 d6 5. Nf3 0-0 6. Be2 Na6 7. 0-0 e5 8. Be3 Ng4 9. Bg5 Qe8 10. Re1 h5 11. h3 f6 12. Bc1 Nh6 13. c5 dxc5 14. Bxa6 bxa6 15. dxc5 c6 16. Qa4 g5 17. Nd2 g4 18. h4 f5 19. exf5 Nxf5 20. Nde4 Nxh4 21. Bg5 Nf5 22. Nd6 Qg6 23. Nce4 Rb8 24. Rad1 Rxb2 25. Qxc6 Bb7 26. Qc7 Bxe4 27. Nxe4 Nd4 28. Qd6 Qf5 29. Qd5+ Kh8 30. Bh4 Re2 31. Rxe2 Nxe2+ 32. Kh1 Nf4 33. Nd6 Qc2 34. Qb3 Qxc5 35. Nf7+ Kh7 36. Qb1+ Kg8 37. Ng5 e4 38. Qxe4 Qf5 39. Qb7 Bf6 40. Rd7 Ne6 41. Rd5 Nc5 42. Rxc5 Qg6 43. Qd5+ 1-0

[Event "Santa Clara Provincial-ch Etapa 1"]
[Site "Santa Clara"]
[Date "2009.10.26"]
[Round "4"]
[White "Ramos Galindo, Luis Ernesto"]
[Black "Depestre Sanzchez, Pedro Felix"]
[Result "1-0"]
[WhiteElo "2078"]
[BlackElo "2157"]
[PlyCount "50"]
[EventDate "2009.10.22"]
[EventType "tourn"]
[EventRounds "11"]
[EventCountry "CUB"]
[SourceTitle "EXT 2011"]
[Source "ChessBase"]
[SourceDate "2010.11.26"]
[SourceVersion "1"]
[SourceVersionDate "2010.11.26"]
[SourceQuality "1"]

1. e4 e6 2. d4 d5 3. Nd2 c5 4. Ngf3 Nf6 5. e5 Nfd7 6. c3 Nc6 7. Bd3 Qb6 8. 0-0 cxd4 9. cxd4 Nxd4 10. Nxd4 Qxd4 11. Nf3 Qb6 12. h3 Nc5 13. Bc2 Bd7 14. b4 Ne4 15. Be3 Qa6 16. Bd3 Bb5 17. Bxb5+ Qxb5 18. Nd4 Qd7 19. Rc1 h6 20. f3 Ng5 21. f4 Ne4 22. f5 exf5 23. Rxf5 g6 24. e6 fxe6 25. Re5 Kf7 1-0

[Event "Santa Clara Provincial-ch Etapa 1"]
[Site "Santa Clara"]
[Date "2009.10.25"]
[Round "6"]
[White "Depestre Sanzchez, Pedro Felix"]
[Black "Gil Alba, Hector Luis"]
[Result "1-0"]
[WhiteElo "2157"]
[BlackElo "2308"]
[PlyCount "65"]
[EventDate "2009.10.22"]
[EventType "tourn"]
[EventRounds "11"]
[EventCountry "CUB"]
[SourceTitle "EXT 2011"]
[Source "ChessBase"]
[SourceDate "2010.11.26"]
[SourceVersion "1"]
[SourceVersionDate "2010.11.26"]
[SourceQuality "1"]

1. d4 g6 2. e4 Bg7 3. Nf3 c6 4. Bd3 Na6 5. c3 Nc7 6. 0-0 d5 7. Nbd2 Nh6 8. Qe2 0-0 9. Re1 Ne6 10. Nf1 dxe4 11. Bxe4 Ng4 12. Ng3 Nf6 13. Bc2 Re8 14. Ne5 Nd5 15. Qf3 Nf6 16. Bb3 Rf8 17. h4 Nd5 18. h5 f6 19. Nd3 Ng5 20. Qe2 e6 21. hxg6 hxg6 22. Nf4 Nxf4 23. Bxf4 Qa5 24. Qd3 Bd7 25. Qxg6 Be8 26. Qd3 Bf7 27. Bc2 Rfd8 28. Re3 Kf8 29. Ne4 Nxe4 30. Qxe4 Qd5 31. Qh7 Bg8 32. Qh3 Qd7 33. Rg3 1-0